На долгую память: Повесть в рассказах

التفاصيل البيبلوغرافية
المؤلف الرئيسي: Климашевская И. В. Ирина Владимировна
الملخص:Исключено из фонда НТБ ТПУ
اللغة:الروسية
منشور في: Минск, Мастацкая лiтаратура, 1978
التنسيق: MixedMaterials كتاب
KOHA link:https://koha.lib.tpu.ru/cgi-bin/koha/opac-detail.pl?biblionumber=139981

MARC

LEADER 00000nam0a2200000 4500
001 139981
005 20231031141927.0
035 |a (RuTPU)RU\TPU\book\151651 
090 |a 139981 
100 |a 20080617d1978 m y0rusy50 ca 
101 0 |a rus 
102 |a BY 
105 |a a z 000ay 
200 1 |a На долгую память  |e Повесть в рассказах  |f И. В. Климашевская 
210 |a Минск  |c Мастацкая лiтаратура  |d 1978 
215 |a 272 с.  |c ил. 
333 |a Исключено из фонда НТБ ТПУ 
700 1 |a Климашевская  |b И. В.  |g Ирина Владимировна 
801 1 |a RU  |b 63413507  |c 20080617  |g PSBO 
801 2 |a RU  |b 63413507  |c 20220516  |g RCR 
942 |c BK